| 000 | 00889nam a2200265 a 4500 | ||
|---|---|---|---|
| 001 | 56828 | ||
| 003 | BD-RjUL | ||
| 005 | 20211209080434.0 | ||
| 008 | 161204s1903 enk o 000 0 eng d | ||
| 035 | _aBD-RjUL56952 | ||
| 035 | _a(OCoLC)609159091 | ||
| 040 |
_aOCLCE _beng _cOCLCE _dOCLCQ |
||
| 041 | _aeng | ||
| 082 | 0 | 4 |
_a192 _223 _bSCH 1903 |
| 084 |
_a08.31 _2bcl |
||
| 100 | 1 |
_aSchiller, F. C. S. _q(Ferdinand Canning Scott), _d1864-1937. _9168971 |
|
| 245 | 1 | 0 |
_aHumanism : _bphilosophical essays / _cby F.C.S. Schiller. |
| 260 |
_aLondon ; _aNew York : _bMacMillan, _c1903 [reprint 1969] |
||
| 300 |
_a197 p. ; _c23 cm. |
||
| 506 |
_3Use copy _fRestrictions unspecified _2star _5MiAaHDL |
||
| 650 | 0 |
_aHumanism _xPhilosophy. _9168972 |
|
| 856 | 4 | 0 |
_3HathiTrust Digital Library _uhttp://catalog.hathitrust.org/api/volumes/oclc/2218268.html |
| 942 |
_2ddc _cBK |
||
| 999 |
_c56828 _d56828 |
||